Central Library OPAC University of Rajshahi

Electronic and radio engineering / (Record no. 78217)

MARC details
000 -LEADER
fixed length control field 00917nam a2200277 a 4500
001 - CONTROL NUMBER
control field 78217
003 - CONTROL NUMBER IDENTIFIER
rucl marc code BD-RjUL
005 - DATE AND TIME OF LATEST TRANSACTION
control field 20211209083114.0
008 - FIXED-LENGTH DATA ELEMENTS--GENERAL INFORMATION
fixed length control field 210818s1955 nyua 000 0 eng
035 ## - SYSTEM CONTROL NUMBER
System control number (BD-RjUL)78443
040 ## - CATALOGING SOURCE
Original cataloging agency DLC
Transcribing agency DLC
Modifying agency DLC
-- BD-RjUL
Language of cataloging eng
041 ## - LANGUAGE CODE
Language code of text/sound track or separate title eng
082 00 - DEWEY DECIMAL CLASSIFICATION NUMBER
Edition number 23
Classification number 621.3841
Author mark and year TEE 1955
100 1# - MAIN ENTRY--PERSONAL NAME
Personal name Terman, Frederick Emmons,
Dates associated with a name 1900-1982.
9 (RLIN) 247025
245 10 - TITLE STATEMENT
Title Electronic and radio engineering /
Statement of responsibility, etc. [by] Frederick Emmons Terman, assisted by Robert Arthur Helliwell [and others]
250 ## - EDITION STATEMENT
Edition statement 4th ed.
260 ## - PUBLICATION, DISTRIBUTION, ETC. (IMPRINT)
Place of publication, distribution, etc. New York :
Name of publisher, distributor, etc. McGraw-Hill,
Date of publication, distribution, etc. 1955.
300 ## - PHYSICAL DESCRIPTION
Pagination 1078 p.
Illustrations illus.
Size 24 cm.
490 0# - SERIES STATEMENT
Series statement McGraw-Hill electrical and electronic engineering series
500 ## - GENERAL NOTE
General note Previous editions published under title: Radio engineering.
650 #0 - SUBJECT ADDED ENTRY--TOPICAL TERM
Topical term or geographic name as entry element Radio.
9 (RLIN) 247026
Topical term or geographic name as entry element Electronics.
9 (RLIN) 247027
942 ## - ADDED ENTRY ELEMENTS (KOHA)
Source of classification or shelving scheme Dewey Decimal Classification
Koha item type Books
Holdings
Lost status Source of classification or shelving scheme Damaged status Not for loan Collection code Permanent Location Current Location Shelving location Date acquired Source of acquisition Cost, normal purchase price Total Checkouts Full call number Date last seen Copy number Koha item type
  Dewey Decimal Classification   Not For Loan Non-fiction Central Library, University of Rajshahi Central Library, University of Rajshahi Reading Room 07/05/1964 Zeitlinger 89.00   621.3841 TEE 1955 18/08/2021 C-1 Books
  Dewey Decimal Classification     Non-fiction Central Library, University of Rajshahi Central Library, University of Rajshahi   05/12/1958 McGraw-Hill Book 18.90   621.3841 TEE 1955 06/09/2021 C-2 Books
  Dewey Decimal Classification     Non-fiction Central Library, University of Rajshahi Central Library, University of Rajshahi   17/01/1974 U.S. Govt     621.3841 TEE 1955 23/09/2021 C-3 Books
  Dewey Decimal Classification     Non-fiction Central Library, University of Rajshahi Central Library, University of Rajshahi   17/01/1974 U.S. Govt     621.3841 TEE 1955 23/09/2021 C-4 Books
  Dewey Decimal Classification     Non-fiction Central Library, University of Rajshahi Central Library, University of Rajshahi   11/02/1963 Zeitlinger 89.00   621.3841 TEE 1955 23/09/2021 C-5 Books
  Dewey Decimal Classification     Non-fiction Central Library, University of Rajshahi Central Library, University of Rajshahi General Stacks 16/07/1973 Ideal Library 175.50   621.3841 TEE 1955 25/04/2022 C-6 Books
  Dewey Decimal Classification     Non-fiction Central Library, University of Rajshahi Central Library, University of Rajshahi General Stacks 19/07/1973 Eureka Book Agency 54.85   621.3841 TEE 1955 25/04/2022 C-7 Books
  Dewey Decimal Classification     Non-fiction Central Library, University of Rajshahi Central Library, University of Rajshahi General Stacks 16/07/1973 Ideal Lidrary 175.50   621.3841 TEE 1955 24/10/2022 C-8 Books